ARRUPE JESUIT UNIVERSITY

CORONAVIRUS -STOP THE SPREAD - CLEAN,DISINFECT,COVER

On the history and method of economics (Record no. 51773)

MARC details
000 -LEADER
fixed length control field 00525nam a2200205Ia 4500
003 - CONTROL NUMBER IDENTIFIER
control field 0100
005 - DATE AND TIME OF LATEST TRANSACTION
control field 20190701121530.0
008 - FIXED-LENGTH DATA ELEMENTS--GENERAL INFORMATION
fixed length control field 130303s9999 xx 000 0 und d
040 ## - CATALOGING SOURCE
Transcribing agency ARRUPELIB
050 ## - LIBRARY OF CONGRESS CALL NUMBER
Classification number HB75.K55
100 ## - MAIN ENTRY--PERSONAL NAME
Personal name Knight, Frank Hyneman
9 (RLIN) 46686
245 ## - TITLE STATEMENT
Title On the history and method of economics
245 ## - TITLE STATEMENT
Remainder of title selected essays.
260 ## - PUBLICATION, DISTRIBUTION, ETC. (IMPRINT)
Place of publication, distribution, etc Chicago
Name of publisher, distributor, etc University of Chicago Press
Date of publication, distribution, etc 1956
300 ## - PHYSICAL DESCRIPTION
Extent 308 p. 24 cm
650 ## - SUBJECT ADDED ENTRY--TOPICAL TERM
Topical term following geographic name as entry element Economics
General subdivision History
9 (RLIN) 46684
650 ## - SUBJECT ADDED ENTRY--TOPICAL TERM
Topical term following geographic name as entry element Economics
General subdivision Methodology
9 (RLIN) 23964
700 ## - ADDED ENTRY--PERSONAL NAME
Personal name Frank Hyneman Knight
9 (RLIN) 46687
942 00 - ADDED ENTRY ELEMENTS (KOHA)
Koha issues (borrowed), all copies 1
Source of classification or shelving scheme Library of Congress Classification
Koha item type Monograph ( Printed materials)
Holdings
Withdrawn status Lost status Source of classification or shelving scheme Damaged status Not for loan Collection code Home library Current library Shelving location Date acquired Total Checkouts Full call number Barcode Date last seen Date checked out Copy number Price effective from Koha item type
    Library of Congress Classification     Main Collection ARRUPE LIBRARY ARRUPE LIBRARY   04/03/2013 1 HB75.K55 46003041311 23/04/2018 17/03/2015 1 04/03/2013 Monograph ( Printed materials)

 

Arrupe Library. PO Box MP320 Mt Pleasant, Harare, Zimbabwe
263 242 745411|librarian@aju.ac.zw